The UK private rented sector as a source of affordable accommodation (Record no. 111369)
[ view plain ]
| 000 -LEADER | |
|---|---|
| fixed length control field | 01530cad a22002175a 4500 |
| 001 - CONTROL NUMBER | |
| control field | L151444 |
| 008 - FIXED-LENGTH DATA ELEMENTS--GENERAL INFORMATION | |
| fixed length control field | 101105s2010 xxk f 000 0 eng d |
| 035 ## - SYSTEM CONTROL NUMBER | |
| System control number | (Sirsi) u151444 |
| 041 0# - LANGUAGE CODE | |
| Language code of text/sound track or separate title | eng |
| 100 1# - MAIN ENTRY--PERSONAL NAME | |
| Personal name | Ball, Michael |
| 245 04 - TITLE STATEMENT | |
| Title | The UK private rented sector as a source of affordable accommodation |
| Medium | [electronic resource] |
| 260 ## - PUBLICATION, DISTRIBUTION, ETC. | |
| Place of publication, distribution, etc. | York |
| Name of publisher, distributor, etc. | Joseph Rowntree Foundation |
| Date of publication, distribution, etc. | 2010 |
| 490 #0 - SERIES STATEMENT | |
| Series statement | JRF programme paper |
| -- | Housing Market Taskforce |
| 505 2# - FORMATTED CONTENTS NOTE | |
| Formatted contents note | Features of the UK private rented sector -- Demand for housing in the private rented sector -- Security of tenure and rent control -- Investment in the private rented sector |
| 520 ## - SUMMARY, ETC. | |
| Summary, etc. | Assesses the potential for the private rented sector to provide an alternative to home-ownership for households who are either priced out of home-ownership, or for whom the risks of home-ownership are too high. Owner occupation is taken as the default tenure to which most people aspire. Investigates its customer base, prospects for private rented sector demand and rents; an investigation of the impact of extending security of tenure and introducing second generation rent controls in parts of the sector; and the economics of small-scale versus institutional investors. International comparisons are used where relevant. |
| 590 ## - LOCAL NOTE (RLIN) | |
| Local note | KA |
| 651 #4 - SUBJECT ADDED ENTRY--GEOGRAPHIC NAME | |
| Geographic name | United Kingdom |
| Chronological subdivision | |
| 690 ## - LOCAL SUBJECT ADDED ENTRY--TOPICAL TERM (OCLC, RLIN) | |
| Topical term or geographic name as entry element | Residential property |
| 9 (RLIN) | 6266 |
| 856 40 - ELECTRONIC LOCATION AND ACCESS | |
| Uniform Resource Identifier | <a href="https://www.jrf.org.uk/sites/files/jrf/rented-accommodation-private-sector-full.pdf">https://www.jrf.org.uk/sites/files/jrf/rented-accommodation-private-sector-full.pdf</a> |
| Public note | View this item free of charge at www.jrf.org.uk |
| 942 ## - ADDED ENTRY ELEMENTS (KOHA) | |
| Suppress in OPAC | 0 |
| Withdrawn status | Lost status | Source of classification or shelving scheme | Damaged status | Not for loan | Home library | Current library | Shelving location | Date acquired | Total Checkouts | Full call number | Barcode | Date last seen | Copy number | Price effective from | Koha item type |
|---|---|---|---|---|---|---|---|---|---|---|---|---|---|---|---|
| Dewey Decimal Classification | Virtual | Virtual | Online | 05/11/2010 | ONLINE PUBLICATION | 151444-2001 | 06/08/2019 | 1 | 06/08/2019 | Book |